<?xml version="1.0" encoding="UTF-8"?><?xml-stylesheet type="text/xsl" href="static/style.xsl"?><OAI-PMH xmlns="http://www.openarchives.org/OAI/2.0/" xmlns:xsi="http://www.w3.org/2001/XMLSchema-instance" xsi:schemaLocation="http://www.openarchives.org/OAI/2.0/ http://www.openarchives.org/OAI/2.0/OAI-PMH.xsd"><responseDate>2026-04-13T01:37:05Z</responseDate><request verb="GetRecord" identifier="oai:www.recercat.cat:2072/261883" metadataPrefix="marc">https://recercat.cat/oai/request</request><GetRecord><record><header><identifier>oai:recercat.cat:2072/261883</identifier><datestamp>2024-12-13T11:07:50Z</datestamp><setSpec>com_2072_63417</setSpec><setSpec>com_2072_63416</setSpec><setSpec>com_2072_63412</setSpec><setSpec>com_2072_2015</setSpec><setSpec>col_2072_63418</setSpec></header><metadata><record xmlns="http://www.loc.gov/MARC21/slim" xmlns:dcterms="http://purl.org/dc/terms/" xmlns:xsi="http://www.w3.org/2001/XMLSchema-instance" xmlns:doc="http://www.lyncode.com/xoai" xsi:schemaLocation="http://www.loc.gov/MARC21/slim http://www.loc.gov/standards/marcxml/schema/MARC21slim.xsd">
   <leader>00925njm 22002777a 4500</leader>
   <datafield ind2=" " ind1=" " tag="042">
      <subfield code="a">dc</subfield>
   </datafield>
   <datafield ind2=" " ind1=" " tag="720">
      <subfield code="a">Carpio Aznar, Marina</subfield>
      <subfield code="e">author</subfield>
   </datafield>
   <datafield ind2=" " ind1=" " tag="520">
      <subfield code="a">Con alrededor de un 20% de la población catalana por debajo del umbral de la pobreza, hay partidos que defienden la renta mínima de inserción vigente; otros, en cambio, apuestan por una renta garantizada de ciudadanía. Pero, ¿hay algún partido que contemple la implementación de la renta básica universal en Cataluña? A priori, podría asociarse esta propuesta a una ideología de izquierdas, debido a su carácter plenamente igualitario. Esta es, de hecho, la principal hipótesis del presente estudio. Para comprobar si es así realmente, entrevisto a trece personalidades, a saber, representantes de los principales partidos políticos de Cataluña, representantes de los sindicatos mayoritarios y representantes de movimientos relevantes en lo que concierne al tema. Todos ellos, además, responden a un mismo cuestionario. Una vez analizado el contenido, mi conclusión es que, en efecto, la RBU es una propuesta fundamentalmente de izquierdas, si bien hay que añadir ciertas matizaciones.</subfield>
   </datafield>
   <datafield ind2=" " ind1=" " tag="520">
      <subfield code="a">Amb el voltant d'un 20% de la població catalana per sota el llindar de la pobresa, hi ha partits que defensen la renda mínima d'inserció vigent; altres, en canvi, aposten per una renda garantida de ciutadania. Però, hi ha algun partit que contempli la implementació de la renda bàsica universal a Catalunya? A priori, podria associar-se aquesta proposta a una ideologia d'esquerres, a causa del seu caràcter plenament igualitari. Aquesta és, de fet, la principal hipòtesi del present estudi. Per comprovar si és així realment, entrevisto a tretze personalitats, a saber, representants dels principals partits polítics de Catalunya, representants dels sindicats majoritaris i representants de moviments rellevants pel que fa al tema. Tots ells, a més, responen a un mateix qüestionari. Un cop analitzat el contingut, la meva conclusió és que, en efecte, la RBU és una proposta fonamentalment d'esquerres, si bé cal afegir certes matisacions.</subfield>
   </datafield>
   <datafield ind2=" " ind1=" " tag="520">
      <subfield code="a">With about 20% of the Catalan population below the poverty line, there are parties advocating
the minimum insertion income force; others, however, advocate a guaranteed income. But, is
there any party that includes the implementation of the universal basic income in Catalonia? A priori, this proposal could be associated to a leftist ideology due to its fully egalitarian policy. This is, in fact, the main hypothesis of this study. To check its authenticity, I interview thirteen
personalities, namely representatives of the main political parties of Catalonia, representatives
of major trade unions, and representatives of relevant movements with respect to the subject.
They also respond to the same questionnaire. After analyzing the content, I conclude that, in
fact, the UBI is a mainly leftist proposal, although certain qualifications should be added.</subfield>
   </datafield>
   <datafield ind1="8" ind2=" " tag="024">
      <subfield code="a">http://hdl.handle.net/10609/44923</subfield>
   </datafield>
   <datafield tag="653" ind2=" " ind1=" ">
      <subfield code="a">renda básica universal</subfield>
   </datafield>
   <datafield tag="653" ind2=" " ind1=" ">
      <subfield code="a">izquierda política</subfield>
   </datafield>
   <datafield tag="653" ind2=" " ind1=" ">
      <subfield code="a">Cataluña</subfield>
   </datafield>
   <datafield tag="653" ind2=" " ind1=" ">
      <subfield code="a">renta bàsica universal</subfield>
   </datafield>
   <datafield tag="653" ind2=" " ind1=" ">
      <subfield code="a">esquerra</subfield>
   </datafield>
   <datafield tag="653" ind2=" " ind1=" ">
      <subfield code="a">Catalunya</subfield>
   </datafield>
   <datafield tag="653" ind2=" " ind1=" ">
      <subfield code="a">basic income</subfield>
   </datafield>
   <datafield tag="653" ind2=" " ind1=" ">
      <subfield code="a">left-wing politics</subfield>
   </datafield>
   <datafield tag="653" ind2=" " ind1=" ">
      <subfield code="a">Catalonia</subfield>
   </datafield>
   <datafield tag="653" ind2=" " ind1=" ">
      <subfield code="a">Guaranteed annual income -- TFM</subfield>
   </datafield>
   <datafield tag="653" ind2=" " ind1=" ">
      <subfield code="a">Renda bàsica -- TFM</subfield>
   </datafield>
   <datafield tag="653" ind2=" " ind1=" ">
      <subfield code="a">Renta básica -- TFM</subfield>
   </datafield>
   <datafield ind2="0" ind1="0" tag="245">
      <subfield code="a">La renta básica universal en Cataluña. ¿Una propuesta de izquierdas?</subfield>
   </datafield>
</record></metadata></record></GetRecord></OAI-PMH>